The essential guide to wireless communications applications: from cellular systems to WAP and M-Commerce (Record no. 8121)
[ view plain ]
| 000 -LEADER | |
|---|---|
| fixed length control field | 00623 a2200169 4500 |
| 020 ## - INTERNATIONAL STANDARD BOOK NUMBER | |
| International Standard Book Number | 0130317160 |
| 040 ## - CATALOGING SOURCE | |
| Original cataloging agency | DLC |
| 082 ## - DEWEY DECIMAL CLASSIFICATION NUMBER | |
| Classification number | 621.382 DOR |
| 100 1# - MAIN ENTRY--PERSONAL NAME | |
| Personal name | Dornan, Andy. |
| 245 14 - TITLE STATEMENT | |
| Title | The essential guide to wireless communications applications: from cellular systems to WAP and M-Commerce |
| Remainder of title | from cellular systems to WAP and M-Commerce / |
| Statement of responsibility, etc. | Andy Dornan. |
| 260 ## - PUBLICATION, DISTRIBUTION, ETC. | |
| Place of publication, distribution, etc. | Upper Saddle River, NJ : |
| Name of publisher, distributor, etc. | Prentice Hall, |
| Date of publication, distribution, etc. | 2000. |
| 300 ## - PHYSICAL DESCRIPTION | |
| Extent | 315 P. : |
| Other physical details | ill. |
| 490 1# - SERIES STATEMENT | |
| Series statement | Essential guide series. |
| 650 #0 - SUBJECT ADDED ENTRY--TOPICAL TERM | |
| Topical term or geographic name entry element | Wireless communication systems. |
| 830 #0 - SERIES ADDED ENTRY--UNIFORM TITLE | |
| Uniform title | Essential guide series (Prentice-Hall, inc.) |
| 942 ## - ADDED ENTRY ELEMENTS (KOHA) | |
| Koha item type | Book |
| Call number prefix | 621.382 DOR |
| Source of classification or shelving scheme | |
| Withdrawn status | Lost status | Damaged status | Not for loan | Collection code | Permanent Location | Current Location | Shelving location | Date acquired | Source of acquisition | Cost, normal purchase price | Total Checkouts | Full call number | Barcode | Date last seen | Price effective from | Koha item type |
|---|---|---|---|---|---|---|---|---|---|---|---|---|---|---|---|---|
| Central Library (CL) | Central Library (CL) | General Stacks | 11/11/2002 | Book Field | 318.75 | 621.382 DOR | SEECS002723 | 11/14/2012 | 01/05/2017 | Book |
